| 000 | 00458cam a2200169ua 4500 | ||
|---|---|---|---|
| 003 | OSt | ||
| 008 | 250315b |||||||| |||| 00| 0 eng d | ||
| 041 | _aeng | ||
| 082 |
_a621.9 _bHAJ/EL |
||
| 100 |
_aHajra Choudhury, S K . _91299 |
||
| 245 | _aElements of workshop technology / | ||
| 260 |
_aBombay : _bMedia Promoters and Publishers Pvt. Ltd. , _c1991. |
||
| 300 | _a ; . | ||
| 500 | _a18241 CSS | ||
| 700 | 1 |
_aHajra Choudhury, A K. _91294 |
|
| 942 | _cBK | ||
| 999 |
_c3124 _d3124 |
||